000 00776nam2a22002171 4500
001 v19\rc\2048944
005 20250620021744.0
035 _a(NLR Aleph) 005127735
090 _a7646046
_c7646046
100 _a20081111d1906 |||y0rusy50 ca
101 0 _arus
102 _aRU
105 _ay z |||||
200 0 _a1906. № 2
210 _d1906
_aБ. м.
461 0 _1001v19\rc\2048943
_12001#$aСборник статей$fКн-во "Новая мысль"$v1906. № 2
_97646044
_a"Новая мысль", кн-во (Петербург)
_cСанкт-Петербург
_d1906
_fКн-во "Новая мысль"
_tСборник статей
_v1906. № 2
801 0 _aRU
_bNLR
_gpsbo
801 1 _aRU
_bProSoft-M
_2rusmarc
852 _aNLR
_j34.48.8.217
942 _cBOOK
980 _aNB